| 000 | 00560nam a22002177a 4500 | ||
|---|---|---|---|
| 003 | IBSLLIB | ||
| 005 | 20260512045913.0 | ||
| 008 | 260512b |||||||| |||| 00| 0 eng d | ||
| 020 | _a1859848036 | ||
| 040 |
_aIBSLLIB _beng |
||
| 041 | _hEng | ||
| 082 |
_a006.3 _bCOC |
||
| 100 | _aCockburn , Alexander | ||
| 245 | _aAI Gore : A User's Manual | ||
| 260 |
_aLondon : _bVerso _c2000 |
||
| 300 |
_a284 p ; _c19 cm |
||
| 650 | _aSpecial Computer Methods | ||
| 650 | _aArtifical Intelligence | ||
| 700 |
_aClair , Jeffrey ST. _eCoo Author |
||
| 942 | _cLBK | ||
| 999 |
_c22108 _d22108 |
||